| 000 | 01364nam a22003374 4500 | ||
|---|---|---|---|
| 001 | 114550 | ||
| 003 | DR-UNIBE | ||
| 005 | 20260407120557.0 | ||
| 007 | cr nn 008mamaa | ||
| 008 | 260407b2026 xxu|||||s|||| 00| 0 eng d | ||
| 020 | _a9780443284663 (electrónico) | ||
| 040 |
_aBIBLIOTECA UNIBE _cBIBLIOTECA UNIBE _erda |
||
| 041 | _aeng | ||
| 245 | 1 | 0 | _aGray's atlas of anatomy |
| 250 | _aCuarta edición | ||
| 260 |
_aPhiladelphia : _bElsevier, _c2026 |
||
| 300 |
_axvi, 628 páginas : _bilustraciones |
||
| 500 | _aRecurso en línea: Disponible para miembros de UNIBE a través del portal web del CRAI: https://www.unibe.edu.do/biblioteca/libros-electronicos/ | ||
| 505 | _a1. The body | 2. Back | 3. Thorax | 4. Abdomen | 5. Pelvis and perineum | 6. Lower limb | 7. Upper limb | 8. Head and neck | | ||
| 650 | 7 |
_aAnatomía humana _vAtlas _916824 |
|
| 650 | 7 |
_aMedicina _2lemb _9190212 |
|
| 655 | 4 |
_aRecurso electrónico _942681 |
|
| 700 |
_aDrake, Richard L. _q(Richard Lee), _d1950- _949010 _eautor |
||
| 700 |
_a Vogl, Wayne _eautor _9204143 |
||
| 700 |
_aMitchell, Adam W. M. _eautor _949012 |
||
| 700 |
_aTibbitts, Richard M. _eautor _9204144 |
||
| 700 |
_aRichardson, Paul E. _eautor _9204145 |
||
| 700 |
_aHorn, Ansell _eautor _9204146 |
||
| 856 | _uhttps://www.clinicalkey.com/student/content/toc/3-s2.0-C20230515307 | ||
| 942 |
_2ddc _cEB |
||
| 999 |
_c114550 _d114550 |
||